[Event "AUTO-MASTER-624"]
[Site "http://www.queenalice.com/game.php?id=471201"]
[Date "2008.10.1"]
[Round "1"]
[White "jolufongonz"]
[Black "razoman"]
[Result "1-0"]
[WhiteElo "2184"]
[BlackElo "1952"]

1. d4 e6 2. e4 d5 3. Nd2 c6 4. Ngf3 dxe4 5. Nxe4 h6 6. Bd3 Nf6 7. Nxf6+ Qxf6 8.
Bd2 Bd6 9. O-O Nd7 10. Qe2 O-O 11. Qe4 Qf5 12. Qh4 Qf6 13. Bg5 Bxh2+ 14. Qxh2
1-0

[Event "AUTO-MASTER-624"]
[Site "http://www.queenalice.com/game.php?id=471202"]
[Date "2008.10.1"]
[Round "1"]
[White "razoman"]
[Black "jolufongonz"]
[Result "1-0"]
[WhiteElo "1933"]
[BlackElo "2174"]

1. d4 d5 2. c4 dxc4 3. e4 b5 4. Nc3 a6 5. h3 Bb7 6. Nf3 e6 7. Be2 b4 8. Na4 Bxe4
9. Bxc4 Nc6 10. O-O Bd5 11. b3 Nf6 12. Bg5 Bxc4 13. bxc4 Be7 14. d5 exd5 15.
cxd5 Nxd5 16. Bxe7 Ncxe7 17. Re1 O-O 18. Qb3 Re8 19. Rad1 c6 20. Ne5 Qc7 21. Nc5
Ng6 22. Nxg6 hxg6 23. Rxe8+ Rxe8 24. Nxa6 Qf4 25. Rf1 Re2 26. a4 bxa3 27. Qxa3
g5 28. Nc5 Rc2 29. Qa8+ Kh7 30. Nd7 1-0

[Event "AUTO-MASTER-720"]
[Site "http://www.queenalice.com/game.php?id=527349"]
[Date "2009.1.22"]
[Round "1"]
[White "killtochess"]
[Black "jolufongonz"]
[Result "0-1"]
[WhiteElo "2084"]
[BlackElo "2177"]

1. c4 Nf6 2. d4 e6 3. Nf3 d5 4. g3 Bb4+ 5. Bd2 Be7 6. Bg2 c6 7. O-O O-O 8. Bc3
b6 9. Nbd2 Ba6 10. Ne5 Nfd7 11. f4 Nxe5 12. fxe5 Nd7 13. b4 Rc8 14. Qa4 Bxc4 15.
Nxc4 b5 16. Qa5 dxc4 17. Qxd8 Rfxd8 18. Rf3 a5 19. a3 axb4 20. axb4 Nb6 21. Ra7
Rd7 22. Rxd7 Nxd7 23. Rf1 Nb6 24. Ra1 Na4 25. Be1 c3 26. Rb1 Bg5 27. Be4 Be3+
28. Bf2 Bd2 29. Kg2 Nb6 30. e3 Ra8 31. Be1 Nc4 32. Kf3 Bxe1 33. Rxe1 Nd2+ 0-1

[Event "AUTO-MASTER-720"]
[Site "http://www.queenalice.com/game.php?id=527350"]
[Date "2009.1.22"]
[Round "1"]
[White "jolufongonz"]
[Black "killtochess"]
[Result "1-0"]
[WhiteElo "2162"]
[BlackElo "2032"]

1. e4 c5 2. Nf3 d6 3. d4 cxd4 4. Nxd4 Nf6 5. Nc3 a6 6. Be3 g6 7. f3 Bg7 8. Bc4
O-O 9. Qd2 b5 10. Bb3 Bb7 11. O-O-O Nbd7 12. g4 Nb6 13. Kb1 Nc4 14. Bxc4 bxc4
15. h4 h5 16. gxh5 Nxh5 17. Bh6 Rb8 18. Bxg7 Kxg7 19. Nf5+ Kg8 20. Qg5 Bc8 21.
Nd5 c3 22. Ndxe7+ 1-0

[Event "AUTO-MASTER-720"]
[Site "http://www.queenalice.com/game.php?id=527361"]
[Date "2009.1.22"]
[Round "1"]
[White "salva9001"]
[Black "jolufongonz"]
[Result "0-1"]
[WhiteElo "1988"]
[BlackElo "2170"]

1. Nf3 g6 2. d4 f5 3. c4 Nf6 4. g3 Bg7 5. Bg2 O-O 6. O-O d6 7. Nc3 Nc6 8. a3 e5
9. d5 Na5 10. Nd2 b6 11. b4 Nb7 12. Bb2 Qe7 13. e4 f4 14. Qc2 Nd8 15. a4 Nb7 16.
Ne2 a5 17. Bc3 Bg4 18. f3 fxg3 19. Nxg3 axb4 20. Bxb4 Bd7 21. Ne2 Nh5 22. Nc3
Bh6 23. Nb5 Be3+ 24. Kh1 Qh4 0-1

[Event "AUTO-MASTER-720"]
[Site "http://www.queenalice.com/game.php?id=527362"]
[Date "2009.1.22"]
[Round "1"]
[White "jolufongonz"]
[Black "salva9001"]
[Result "1-0"]
[WhiteElo "2155"]
[BlackElo "1999"]

1. d4 Nf6 2. c4 e6 3. g3 c5 4. Nf3 b6 5. Bg2 Bb7 6. O-O Be7 7. Nc3 O-O 8. d5
exd5 9. cxd5 d6 10. Nd2 a6 11. a4 Nbd7 12. Nc4 Rb8 13. Bf4 Ne8 14. Ra3 Ndf6 15.
Rb3 Bc8 16. Na5 Bd7 17. Nc6 Bxc6 18. dxc6 Qc7 19. Qc2 Nh5 20. Nd5 1-0

[Event "AUTO-MASTER-720"]
[Site "http://www.queenalice.com/game.php?id=527367"]
[Date "2009.1.22"]
[Round "1"]
[White "ricardoaw18"]
[Black "jolufongonz"]
[Result "0-1"]
[WhiteElo "2291"]
[BlackElo "2186"]

1. e4 e5 2. Nf3 Nf6 3. d4 exd4 4. e5 Ne4 5. Qxd4 d5 6. exd6 Nxd6 7. Bf4 Nc6 8.
Qe3+ Qe7 9. Nc3 Qxe3+ 10. Bxe3 Bg4 11. O-O-O O-O-O 12. Be2 Re8 13. h3 Bd7 14.
Rhe1 Nf5 15. Bf4 Bc5 16. g4 Nd6 17. Bg3 Bb4 18. Bd3 Rxe1 19. Rxe1 h5 20. a3 hxg4
21. hxg4 Bxg4 22. axb4 Bxf3 23. b5 Nb4 24. Be2 Re8 0-1

[Event "AUTO-MASTER-720"]
[Site "http://www.queenalice.com/game.php?id=527368"]
[Date "2009.1.22"]
[Round "1"]
[White "jolufongonz"]
[Black "ricardoaw18"]
[Result "1-0"]
[WhiteElo "2201"]
[BlackElo "2276"]

1. g3 Nf6 2. Bg2 d5 3. Nf3 Bf5 4. O-O e6 5. d3 Be7 6. Nbd2 h6 7. Qe1 Bh7 8. e4
dxe4 9. dxe4 c6 10. Qe2 O-O 11. b3 Na6 12. Bb2 Nd7 13. Nc4 Qc7 14. Nfe5 Rad8 15.
Nxd7 Rxd7 16. Qg4 g6 17. Qf3 f5 18. Rad1 Nc5 19. exf5 Rxf5 20. Qe3 Bf8 21. Rxd7
1-0

[Event "AUTO-MASTER-720"]
[Site "http://www.queenalice.com/game.php?id=640369"]
[Date "2009.8.21"]
[Round "2"]
[White "Bobtzu"]
[Black "jolufongonz"]
[Result "0-1"]
[WhiteElo "2031"]
[BlackElo "2190"]

1. e4 e5 2. Nf3 Nc6 3. d4 exd4 4. Nxd4 Bc5 5. Be3 Qf6 6. c3 Nge7 7. g3 d5 8. Bg2
dxe4 9. Bxe4 Bh3 10. Nxc6 Bxe3 11. fxe3 bxc6 12. Qf3 Qe6 13. Nd2 Rd8 14. Rg1 Bg4
15. Qf4 f5 16. Bf3 Ng6 17. Qg5 h6 18. Qxd8+ Kxd8 19. Bxg4 Qxe3+ 20. Kf1 fxg4 21.
Rd1 Rf8+ 22. Kg2 Rf2+ 0-1

[Event "AUTO-MASTER-720"]
[Site "http://www.queenalice.com/game.php?id=640370"]
[Date "2009.8.21"]
[Round "2"]
[White "jolufongonz"]
[Black "Bobtzu"]
[Result "0-1"]
[WhiteElo "2208"]
[BlackElo "2016"]

1. d4 d5 2. c4 dxc4 3. e3 Nf6 4. Bxc4 a6 5. Nf3 b5 6. Bd3 e6 7. O-O Bb7 8. a4
Nbd7 9. axb5 axb5 10. Rxa8 Qxa8 11. Bxb5 Bd6 12. Nc3 O-O 0-1

[Event "AUTO-MASTER-1001"]
[Site "http://www.queenalice.com/game.php?id=707793"]
[Date "2010.1.3"]
[Round "1"]
[White "jolufongonz"]
[Black "chesspool"]
[Result "1-0"]
[WhiteElo "2218"]
[BlackElo "2183"]

1. d4 d5 2. Nf3 Nf6 3. g3 g6 4. Bg2 Bg7 5. O-O O-O 6. c4 dxc4 7. Na3 Nc6 8. Nxc4
Be6 9. b3 Ne4 10. Bb2 f5 11. Rc1 a5 12. e3 Bd5 13. Nfe5 Nxe5 14. dxe5 a4 15. f3
Ng5 16. bxa4 1-0

[Event "AUTO-MASTER-1001"]
[Site "http://www.queenalice.com/game.php?id=707794"]
[Date "2010.1.3"]
[Round "1"]
[White "chesspool"]
[Black "jolufongonz"]
[Result "0-1"]
[WhiteElo "2195"]
[BlackElo "2206"]

1. d4 e6 2. c4 d5 3. Nc3 c5 4. cxd5 exd5 5. Nf3 Nc6 6. dxc5 d4 7. Na4 Bxc5 8.
Nxc5 Qa5+ 9. Bd2 Qxc5 10. Rc1 Qb6 11. b3 Nf6 12. g3 O-O 13. Bg2 Bf5 14. O-O Rfe8
15. Bf4 Nd5 16. Qd2 Rad8 0-1

[Event "AUTO-MASTER-1001"]
[Site "http://www.queenalice.com/game.php?id=707795"]
[Date "2010.1.3"]
[Round "1"]
[White "jolufongonz"]
[Black "Aylton"]
[Result "0-1"]
[WhiteElo "2208"]
[BlackElo "1947"]

1. d4 Nf6 2. c4 e6 3. g3 d5 4. Bg2 a6 5. Qc2 dxc4 6. Qxc4 Be7 7. Nc3 O-O 8. a3
Nbd7 9. Bf4 c6 10. Nf3 h6 11. O-O Nb6 12. Qd3 Nbd5 13. Bd2 b5 14. Ne5 Bb7 15.
Rfc1 Rc8 16. Nxd5 cxd5 17. Rxc8 Qxc8 18. Rc1 Qa8 0-1

[Event "AUTO-MASTER-1001"]
[Site "http://www.queenalice.com/game.php?id=707796"]
[Date "2010.1.3"]
[Round "1"]
[White "Aylton"]
[Black "jolufongonz"]
[Result "1-0"]
[WhiteElo "1919"]
[BlackElo "2229"]

1. d4 e6 2. c4 d5 3. e3 Nf6 4. Nc3 c6 5. a3 Nbd7 6. Nf3 Bd6 7. Be2 O-O 8. O-O b6
9. h3 Bb7 10. cxd5 exd5 11. Bd2 Ne4 12. Nxe4 dxe4 13. Ne1 Nf6 14. Nc2 Bc7 15. f4
exf3 16. Bxf3 Qd6 17. e4 Qh2+ 18. Kf2 Bg3+ 19. Ke3 1-0

[Event "AUTO-MASTER-1001"]
[Site "http://www.queenalice.com/game.php?id=707797"]
[Date "2010.1.3"]
[Round "1"]
[White "jolufongonz"]
[Black "whyBish"]
[Result "1-0"]
[WhiteElo "2188"]
[BlackElo "2129"]

1. d4 Nf6 2. c4 c5 3. d5 b5 4. cxb5 a6 5. bxa6 Bxa6 6. Nc3 g6 7. g3 d6 8. Bg2
Bg7 9. Nf3 O-O 10. O-O Nbd7 11. Rb1 Nb6 12. b3 Qc7 13. a4 Qb7 14. Ne1 Nfd7 15.
Bd2 Rab8 16. Nc2 Na8 17. b4 Qa7 18. b5 Bb7 19. Ra1 Nc7 20. a5 Qa8 21. a6 Bxd5
22. a7 Bxg2 23. axb8=Q Qxb8 24. Kxg2 Nxb5 25. Nxb5 Bxa1 26. Qxa1 Qxb5 27. Bh6
Nf6 28. Bxf8 Kxf8 29. Re1 Qc6+ 30. f3 d5 31. Qe5 d4 32. Rb1 Qd6 33. Rb8+ Kg7 34.
Qxd6 exd6 35. Rd8 d5 36. Rc8 Nd7 37. Rc7 1-0

[Event "AUTO-MASTER-1001"]
[Site "http://www.queenalice.com/game.php?id=707798"]
[Date "2010.1.3"]
[Round "1"]
[White "whyBish"]
[Black "jolufongonz"]
[Result "0-1"]
[WhiteElo "2109"]
[BlackElo "2197"]

1. c4 e5 2. a3 Nf6 3. Nc3 d5 4. cxd5 Nxd5 5. g3 c5 6. Bg2 Nxc3 7. bxc3 Be7 8.
Nf3 Nc6 9. O-O O-O 10. d3 Be6 11. c4 e4 12. Ne1 exd3 13. exd3 Bxc4 14. Bxc6 bxc6
15. Qc2 Bd5 16. Be3 Qa5 17. Ng2 Rab8 18. Rfc1 Bb3 19. Qc3 Qxc3 20. Rxc3 Bf6 0-1

[Event "AUTO-MASTER-1001"]
[Site "http://www.queenalice.com/game.php?id=783780"]
[Date "2010.6.1"]
[Round "2"]
[White "Catalin"]
[Black "jolufongonz"]
[Result "0-1"]
[WhiteElo "2282"]
[BlackElo "2160"]

1. e4 d6 2. d4 Nf6 3. Nc3 g6 4. f4 Bg7 5. Nf3 c5 6. dxc5 Qa5 7. Bb5+ Bd7 8.
Bxd7+ Nbxd7 9. c6 bxc6 10. O-O Ng4 11. Ne2 Qb6+ 12. Kh1 Nf2+ 13. Rxf2 Qxf2 14.
a4 Nf6 15. e5 Ng4 16. exd6 Qxf3 17. Qe1 Qf2 18. Qxf2 Nxf2+ 19. Kg1 Ne4 20. dxe7
Kxe7 21. c3 Rhd8 22. h3 Rd1+ 23. Kh2 f5 24. h4 Nf2 25. b3 Rad8 26. g3 Kf7 27.
Ra2 Ng4+ 28. Kg2 R8d3 29. Rc2 Re1 30. h5 Rdd1 31. a5 Rh1 32. hxg6+ hxg6 33. Kf3
Rd3+ 0-1

[Event "AUTO-MASTER-1001"]
[Site "http://www.queenalice.com/game.php?id=783781"]
[Date "2010.6.1"]
[Round "2"]
[White "jolufongonz"]
[Black "Catalin"]
[Result "0-1"]
[WhiteElo "2176"]
[BlackElo "2273"]

1. d4 d5 2. c4 Bf5 3. Nf3 Nf6 4. e3 dxc4 5. Bxc4 e6 6. Nc3 a6 7. O-O b5 8. Bd3
Bxd3 9. Qxd3 Nc6 10. e4 Be7 11. a4 b4 12. Ne2 O-O 13. Bg5 Ng4 14. Bxe7 Nxe7 15.
Qc4 a5 16. Rfc1 Nf6 17. Nf4 Re8 18. Re1 Qd7 19. Ne5 Qd6 20. Rac1 c6 21. g3 Rad8
22. Nxf7 Kxf7 23. e5 Qd7 24. exf6 Nf5 25. fxg7 Nxd4 26. Qd3 Kxg7 27. Rc5 Qc7 28.
Ree5 Rd6 29. Rh5 Kh8 30. Qe4 Rdd8 31. Rxa5 Rg8 32. Ng6+ Kg7 33. Rxh7+ Kxh7 34.
Nf8+ Kg7 0-1

[Event "AUTO-MASTER-1001"]
[Site "http://www.queenalice.com/game.php?id=783786"]
[Date "2010.6.1"]
[Round "2"]
[White "jolufongonz"]
[Black "Aylton"]
[Result "0-1"]
[WhiteElo "2198"]
[BlackElo "2003"]

1. d4 d5 2. c4 e6 3. g3 Nf6 4. Bg2 h6 5. Qb3 Be7 6. Nc3 c6 7. Nf3 O-O 8. O-O b6
9. Bf4 Nbd7 10. cxd5 cxd5 11. Nb5 Bb7 12. Bc7 Qe8 13. Nd6 Bxd6 14. Bxd6 Qd8 0-1

[Event "AUTO-MASTER-1001"]
[Site "http://www.queenalice.com/game.php?id=783787"]
[Date "2010.6.1"]
[Round "2"]
[White "Aylton"]
[Black "jolufongonz"]
[Result "1-0"]
[WhiteElo "2027"]
[BlackElo "2180"]

1. d4 Nf6 2. Nf3 b5 3. e3 a6 4. c4 bxc4 5. Bxc4 e6 6. Nc3 d5 7. Bb3 Bd6 8. O-O
O-O 9. h3 Nbd7 10. a3 c5 11. dxc5 Nxc5 12. Ba2 a5 13. b4 1-0

[Event "AUTO-MASTER-1001"]
[Site "http://www.queenalice.com/game.php?id=783788"]
[Date "2010.6.1"]
[Round "2"]
[White "jolufongonz"]
[Black "Rutty"]
[Result "1-0"]
[WhiteElo "2154"]
[BlackElo "1941"]

1. d4 d5 2. c4 dxc4 3. e3 e5 4. Bxc4 exd4 5. exd4 Bb4+ 6. Nc3 Qe7+ 7. Ne2 Nf6 8.
O-O O-O 9. Bg5 Be6 10. Qb3 Bxc4 11. Qxc4 Bd6 12. Nd5 Qd8 13. Bxf6 gxf6 14. Qb3
b6 15. Qf3 Nd7 16. Rae1 c6 17. Ng3 cxd5 18. Nf5 Bxh2+ 19. Kxh2 Kh8 20. Re7 Rg8
21. Rfe1 Rg5 22. Nh6 Qc7+ 23. Kg1 1-0

[Event "AUTO-MASTER-1001"]
[Site "http://www.queenalice.com/game.php?id=783789"]
[Date "2010.6.1"]
[Round "2"]
[White "Rutty"]
[Black "jolufongonz"]
[Result "0-1"]
[WhiteElo "1909"]
[BlackElo "2163"]

1. e4 d6 2. d4 Nf6 3. Nc3 g6 4. Nf3 Bg7 5. h3 O-O 6. Bd3 Nc6 7. O-O e5 8. d5 Nd4
9. Be3 c5 10. Bxd4 exd4 11. Ne2 b5 12. Bxb5 Nxe4 13. Qd3 Rb8 14. a4 Ng5 15. Ng3
a6 16. Bxa6 Nxf3+ 17. gxf3 Bxh3 18. Rfe1 Rxb2 19. Bc4 Be5 20. Qe4 Qg5 21. Kh2
Bf5 0-1

[Event "Challenge"]
[Site "http://www.queenalice.com/game.php?id=792952"]
[Date "2010.6.20"]
[Round "-"]
[White "mariarosa"]
[Black "jolufongonz"]
[Result "1-0"]
[WhiteElo "2147"]
[BlackElo "2167"]

1. e4 d6 2. d4 Nf6 3. Nc3 g6 4. Nf3 Bg7 5. Be2 O-O 6. O-O c6 7. e5 dxe5 8. Nxe5
Nbd7 9. Bf4 Nxe5 10. Bxe5 Nd5 11. Nxd5 Bxe5 12. Nxe7+ Qxe7 13. dxe5 1-0